01031pab a2200145 454500008004000000100001600040245010700056260000900163300001400172520059900186650002600785650003200811650001600843773002600859180718b2002 xxu||||| |||| 00| 0 eng d aGreer, Alan aPolicy networks and policy change in organic agriculture: a comparative analysis of the UK and Ireland c2002 ap.453-73. aThis paper takes a comparative case-study approach, located within the literature on policy networks, to organic agriculture policy in the United Kingdom and Ireland since the late 1980s. An examination of policy development for the organic sector focuses primarily on regulatory arrangements. The core of the analysis applies some prominent themes in the policy network literature to the organic sector: the debate about sectoral and sub-sectoral networks, the relationship between networks, context and outcomes, and the role of the state and ideas in promoting policy change. - Reproduced. aAgriculture - Ireland aAgriculture - Great Britain aAgriculture aPublic Administration